| 000 | 00333nam a22001337a 4500 | ||
|---|---|---|---|
| 999 |
_c161417 _d161417 |
||
| 020 | _a | ||
| 082 |
_a _b |
||
| 100 | _aSuresh Yashwant Shinde | ||
| 245 |
_aJagadish Gupta ka kavya: _bvividt ayaam/ _cby Suresh Yashwant Shinde. |
||
| 260 |
_aNew Delhi: _bAbhay Publications, _c2010. |
||
| 300 | _a343p. | ||
| 650 | _a | ||
| 942 | _cBK | ||